000 00802cam a22002537a 4500
003 CHAP
005 20220329134706.0
008 971013s1968 r 00010 d
010 _a24270
011 _a25242
035 _a29342
040 _cCHAP
090 _aFolleto 3354
110 _aIngenieros Agrónomos Parasitólogos. México
_958281
245 1 4 _aLos insecticidas agrícolas y su utilización en México
_b: tenencias y repercusiones
260 _aMéxico, D.F. :
_bIngenieros Agrónomos Parasitólogos, A.C. México,
_c1968
300 _a37 p
590 _aBATCH-UPD
_b10
_c20130110
_lUCH01
_h1630
590 _aCONVERSION
_b10
_c20130109
_lUCH01
_h1314
650 1 4 _aInsecticidas.
_958855
901 _aBK
942 _cFOLL
949 _aFolleto 3354
_bBC
_cFOLL
_d-67782
_eTS1
_i29342
_mD
_si
999 _c24270
_d24270